Výskum trhu

Gespeichert in:
Bibliographische Detailangaben
1. Verfasser: Kulčáková, Marta
Format: Buch
Sprache:Slowakisch
Veröffentlicht: Bratislava SOFA 1994
Ausgabe:1. vyd.
Schriftenreihe:Edícia pre ekonomické a hospodárske poradenstvo
Schlagworte:
Tags: Tag hinzufügen
Keine Tags, Fügen Sie das erste Tag hinzu!

MARC

LEADER 00000nam a2200000 4500
001 c005233
005 20221214075105.5
020 |a 80-85752-10-7 
041 0 |a slo 
044 |a SK 
245 1 0 |a Výskum trhu  |c Marta Kulčáková a kol. 
250 |a 1. vyd. 
264 1 |a Bratislava  |b SOFA  |c 1994 
300 |a 129 s. 
490 1 |a Edícia pre ekonomické a hospodárske poradenstvo 
830 0 |a Edícia pre ekonomické a hospodárske poradenstvo 
610 2 0 |a výskum trhu 
610 2 0 |a trh 
610 2 0 |a marketing 
610 2 0 |a metódy poznania 
610 2 0 |a experimenty 
610 2 0 |a testy 
610 2 0 |a reklama 
610 2 0 |a výskum 
610 2 0 |a dopyt 
610 2 0 |a ceny 
610 2 0 |a spracovanie dát 
610 2 0 |a grafy 
100 1 |a Kulčáková, Marta